Most Common Instruments Found Concert Band - Statistics

General Stats
  • This quiz has been taken 26 times
  • The average score is 14 of 18
Answer Stats
Answer % Correct
Flute
100%
Oboe
95%
Trombone
95%
Trumpet
90%
Clarinet
86%
Percussion
86%
Piccolo
86%
Tenor Saxophone
86%
Tuba
86%
Alto Saxophone
81%
Euphonium
81%
Basoon
76%
Bass Clarinet
76%
Soprano Saxophone
76%
French Horn
71%
Bari Saxophone
67%
Bass Trombone
43%
Pianist
38%
No matching quizzes found
Score Distribution
Percent of People with Each Score
Percentile by Number Answered
Your Score History
You have not taken this quiz